000 00300nam a22001337a 4500
008 171009b xxu||||| |||| 00| 0 eng d
020 _a9780446518628
041 _aeng
080 _a159.9
100 _a159.9
101 _aPSI
245 _aTHE CELLESTINE PROPHECY
_cREDFIELD.J
942 _2udc
_cBK
999 _c32468
_d32468